000 00408cam a22001457a 4500
008 180718b1956 xxu||||| |||| 00| 0 eng d
082 _aK85x73 B475
100 _aBiegel, Herman C., et. al.
245 _aPensions and profit sharing
_cby Herman C. Biegel et. al.
250 _a2nd ed.
260 _aWashington, D.C.
_bBNA
_c1956
300 _a296p.
500 _a$7.50
650 _aPensions, Industrial - USA
999 _c478323
_d478323